| 000 | 01040nam a2200277 i 4500 | ||
|---|---|---|---|
| 003 | DO-SdBNP | ||
| 005 | 20240312101158.0 | ||
| 007 | ta | ||
| 008 | 240312b1897 sp ||||| |||| 00| 0 spa d | ||
| 040 |
_aDO-SdBNP _bspa _cBNPHU _erda |
||
| 082 | 4 | _222 | |
| 100 | 1 |
_aBarca, Calderón de la, _eautor _985020 |
|
| 245 | 1 | 0 |
_aTeatro selecto / _cCalderón de la Barca ; estudio crítico, D. Marcelino Menéndez y Pelayo |
| 264 |
_aMadrid : _bLibrería de la Viuda de Hernando y C., _c1897. |
||
| 300 |
_avolumenes ; _c18 cm. |
||
| 336 |
_2rdacontent _atexto _btxt |
||
| 337 |
_2rdamedia _asin mediación _bn |
||
| 338 |
_2rdacarrier _avolumen _bnc |
||
| 490 |
_aBiblioteca Clásica _v36,37,38 |
||
| 500 | _aIncluye referencias bibliográficas y notas al pie de las páginas | ||
| 505 |
_av.1-- _tDramas religiosos y filosóficos-- _gv.2-- _tDramas trágicos-- _gv.3-- _tComedias de capa y espada. |
||
| 590 | _aInventariado, 2024/BT | ||
| 700 | 1 |
_aMenéndez Pelayo, D. Marcelino, _eestudio crítico _985021 |
|
| 910 | _aBtavárez | ||
| 942 |
_2ddc _cLBS1 |
||
| 999 |
_c56076 _d56076 |
||